Cybersecurity and local government / Donald F. Norris, Laura Mateczun, Richard F. Forno, author. (Record no. 22243)

000 -LEADER
fixed length control field 02043nam a22002057a 4500
020 ## - INTERNATIONAL STANDARD BOOK NUMBER
ISBN 9781119788287
082 ## - DEWEY DECIMAL CLASSIFICATION NUMBER
Classification number 320.850973
Item number N853 2022
100 ## - MAIN ENTRY--AUTHOR NAME
Personal name Norris, Donald F., author.
245 ## - TITLE STATEMENT
Title Cybersecurity and local government / Donald F. Norris, Laura Mateczun, Richard F. Forno, author.
260 ## - PUBLICATION, DISTRIBUTION, ETC. (IMPRINT)
Place of publication Hoboken, NJ :
Name of publisher John Wiley & Sons
Year of publication ©2022
300 ## - PHYSICAL DESCRIPTION
Number of Pages 1 online resources, xii, 244 pages :
Other physical details illustrations.
500 ## - GENERAL NOTE
General note Includes bibliographical references and index.
505 ## - FORMATTED CONTENTS NOTE
Formatted contents note Why local government cybersecurity? -- What is cybersecurity? -- Cybersecurity 101 for local governments -- What the literature tells us about local government cybersecurity -- Cyberattacks on local government -- Managing local government cybersecurity -- Cybersecurity policies local government s should adopt -- People: The root of the problem -- The NIST Framework demystified -- Cybersecurity law -- Important questions to ask -- The future of local government cybersecurity -- Summary and recommendations
520 ## - SUMMARY, ETC.
Summary, etc "This book begins with a simple question. Why examine cybersecurity among America's local governments? What's so special about these organizations that they deserve scrutiny? They are, after all, just organizations, and most, if not all organizations have certain similarities, especially the need to maintain effective levels of cybersecurity. The need for cybersecurity is demonstrated every day and is a common staple in the popular media. And, local governments do not differ, much if any, in the need for cybersecurity from organizations such as Microsoft, Target, Home Depot, J.P.Morgan Chase, the White House or many others. The similarity to which readers should be aware is that all of these organizations have been successfully hacked... as has a growing number of local governments" -- Provided by publisher.
650 ## - SUBJECT ADDED ENTRY--TOPICAL TERM
Topical Term Local government -- United States.
650 ## - SUBJECT ADDED ENTRY--TOPICAL TERM
Topical Term Computer security -- United States.
700 ## - ADDED ENTRY--PERSONAL NAME
Personal name Mateczun, Laura, author.
700 ## - ADDED ENTRY--PERSONAL NAME
Personal name Forno, Richard F., author.
942 ## - ADDED ENTRY ELEMENTS (KOHA)
Koha item type Electronic Books
Holdings
Source of acquisition Permanent Location Date acquired Collection code Koha item type Lost status Shelving location Withdrawn status Current Location Full call number
DonationCagayan State University - Carig Library2026-04-14E-BooksElectronic Books E-Resource Section Cagayan State University - Carig Library320.850973 N853 2022

Cagayan State University University Library, Carig Campus
Tuguegarao City, Cagayan 3500 | www.csucarig.edu.ph

Powered by Koha